| 000 | 00000nam 2200000zi 4500 |
| 001 | 9.945780 |
| 003 | CaOODSP |
| 005 | 20241129143224 |
| 006 | m o d f |
| 007 | cr bn||||||||| |
| 008 | 241129e198207##onca ob f000 0 eng d |
| 040 | |aCaOODSP|beng|erda|cCaOODSP |
| 086 | 1 |aEn36-539/100-1982E-PDF |
| 100 | 1 |aStrachan, W. M. J. |q(William Michael John), |d1937- |eauthor. |
| 245 | 10|aEvaluation of an organic automated rain sampler / |cby W.M.J. Strachan and H. Huneault. |
| 250 | |a[July 1982 edition]. |
| 264 | 1|aBurlington, Ontario : |bCanada Centre for Inland Waters, National Water Research Institute, Environmental Contaminants Division, |cJuly 1982. |
| 300 | |a1 online resource (i, 14 pages) : |billustrations. |
| 336 | |atext|btxt|2rdacontent |
| 337 | |acomputer|bc|2rdamedia |
| 338 | |aonline resource|bcr|2rdacarrier |
| 490 | 1 |aUnpublished manuscript |
| 500 | |aDigitized edition from print [produced by Environment and Climate Change Canada]. |
| 504 | |aIncludes bibliographical references (pages 13-14). |
| 520 | 3 |a"An automated rain sampler was designed, built and evaluated as a collecting device for persistent organic chemicals in rain. It consists of a large teflon coated funnel (0.209 m²) with an automated lid and a teflon column containing XAD-2 or 7 resin. The sampler was tested for recoveries and field precision with a number of organochlorine substances and PCB’s frequently found at the nanogram per litre level in rain. Recoveries averaged 86% and the mean coefficient of variation for αz-BHC, lindane and PCB's was 33% under field conditions where samples of 0.4-22 litres of rain were collected. The sampler is recommended for use in network sampling for such substances"--Abstract, p. i. |
| 650 | 0|aRain gauges|xTesting. |
| 650 | 0|aWater|xOrganic compound content|xAnalysis. |
| 650 | 6|aPluviomètres|xEssais. |
| 650 | 6|aEau|xTeneur en composés organiques|xAnalyse. |
| 710 | 2 |aCanada Centre for Inland Waters, |eissuing body. |
| 710 | 1 |aNational Water Research Institute (Canada). |bEnvironmental Contaminants Division, |eissuing body. |
| 830 | #0|aUnpublished manuscript (National Water Research Institute (Canada))|w(CaOODSP)9.901451 |
| 856 | 40|qPDF|s1.50 MB|uhttps://publications.gc.ca/collections/collection_2024/eccc/en36/En36-539-100-1982-eng.pdf |